| 000 | 00753nam a2200193Ia 4500 | ||
|---|---|---|---|
| 008 | 151119s9999||||xx |||||||||||||| ||und|| | ||
| 082 | _a396 | ||
| 082 | _bGKKV2228 | ||
| 100 | _aपरांजपे कल्पना | ||
| 245 | _aमराठी सामाजिक नाटक आणि स्त्री समस्या | ||
| 260 | _a-- | ||
| 260 | _b-- | ||
| 260 | _c1984 | ||
| 600 | _aपरांजपे कल्पना | ||
| 630 | _aमराठी सामाजिक नाटक आणि स्त्री समस्या | ||
| 700 | _aपरांजपे कल्पना | ||
| 730 | _aमराठी सामाजिक नाटक आणि स्त्री समस्या | ||
| 942 | _cBOOK | ||
| 999 |
_c1058276 _d1058273 |
||